000 00469nam a2200169 i 4500
001 95341
003 ES-MaACL
005 20230906181702.0
007 t|
008 050526s1919 xxu ||||1| eng d
100 1 _aLusk, Graham.
_974858
245 1 4 _aThe elements of the sciencice of nutricion /
_cby Graham Lusk.
250 _a3ยช ed. reset.
260 _aPhiladelphia :
_bW.B. Saunders,
_c1919.
300 _a641 p. :
_bil. ;
_c24 cm.
852 _aES-MaACL
_jE-1503
999 _c95341
_d95341